Statistics for Famous Michaels

Click here to take the quiz!

General Stats

  • This quiz has been taken 35 times
  • The average score is 6 of 10

Answer Stats

HintAnswer% Correct
King of popMichael Jackson
100%
American actor known for his breakthrough role in Black PantherMichael B Jordan
91%
One of the greatest basketball players of all time.Michael Jordan
91%
Retired competitive swimmer widely regarded as one of the greatest swimmers of all time.Michael Phelps
89%
American actor known for his performance in Tim Burton's BatmanMichael Keaton
74%
Former racing driver, regarded as one of the greatest Formula 1 drivers in historyMichael Schumacher
57%
Billionaire entrepreneur, former NYC mayor.Michael Bloomberg
46%
American Fashion designer, owner of a luxury designer brandMichael Kors
37%
German Irish actor known for his role in X-men series.Michael Fassbender
31%
Canadian actor known for his awkward, offbeat character in coming of age moviesMichael Cera
26%

Score Distribution

Percentile by Number Answered

Percent of People with Each Score

Your Score History

You have not taken this quiz